|
|
|
|
| LEADER |
00000cam a2200000 7i4500 |
| 001 |
0000004579 |
| 005 |
20100922093000.0 |
| 008 |
021118n |
| 090 |
0 |
0 |
|a BP165
|b .S32
|
| 100 |
0 |
|
|a Shariati, Ali ,
|d 1933-1977 ,
|e author
|
| 245 |
0 |
0 |
|a On the socialogy of Islam
|c Ali Shari`ati;
|f alihbahasa Hamid Algar
|
| 260 |
2 |
|
|a Berkeley :
|b Mizan Press ,
|c 1979
|
| 300 |
|
|
|a 125 p. ; ;
|c 21 cm.
|
| 650 |
|
0 |
|a Islam
|
| 650 |
|
0 |
|a Islamic sociology
|
| 700 |
0 |
|
|a Algar, Hamid ,
|e author
|
| 999 |
|
|
|a 1000005649
|b Book
|c OPEN SHELF (30 DAYS)
|e Gong Badak Campus
|
| 999 |
|
|
|a 1000005650
|b Book
|c OPEN SHELF (30 DAYS)
|e Gong Badak Campus
|
| 999 |
|
|
|a 1000005651
|b Book
|c OPEN SHELF (30 DAYS)
|e Gong Badak Campus
|